Indexové obchodovanie a indexové fondy ako špecifická forma investovania dizertačná práca

Na minha lista:
Detalhes bibliográficos
Autor principal: Dorocáková, Michaela
Autor Corporativo: Národohospodárska fakulta EU. Katedra bankovníctva a medzinárodných financií
Outros Autores: Chovancová, Božena
Formato: Livro
Idioma:eslovaco
Publicado em: Bratislava 2018
Assuntos:
Tags: Adicionar Tag
Sem tags, seja o primeiro a adicionar uma tag!

MARC

LEADER 00000nbm a2200000 4500
001 0246528
005 20230227104954.0
041 0 |a slo 
044 |a SK 
245 1 0 |a Indexové obchodovanie a indexové fondy ako špecifická forma investovania  |b dizertačná práca  |c Michaela Dorocáková ; školiteľ: Božena Chovancová 
264 1 |a Bratislava  |c 2018 
300 |a 111 s. 
610 2 0 |a fondy indexové 
610 2 0 |a obchody burzové 
610 2 0 |a trh kapitálový 
610 2 0 |a investovanie 
100 1 |a Dorocáková, Michaela 
700 1 |a Chovancová, Božena 
710 2 |a Národohospodárska fakulta EU. Katedra bankovníctva a medzinárodných financií